000 00465nam a22001697a 4500
005 20240325082640.0
008 240325b |||||||| |||| 00| 0 eng d
022 _a0258249 X
041 _aEnglish
082 _a349 IND
100 _lEnglish
245 _aIndustrial Law Journal
260 _aCape Town :
_bJuta and Company Ltd,
_c1997
300 _b184 pages ;
_c25 cm.
650 _aLegal Practice
_bLaw
942 _cCR
_6ALISON_BN_VRIES
999 _c1483
_d1483